000 00691nam a22001577a 4500
003 OSt
005 20161123103843.0
008 161123b xxu||||| |||| 00| 0 eng d
040 _cRUA
082 _aVEM BAK 2015 B533 Or.1
100 _911306
_aBAK KEMSREAV; បាក់ គីមស្រៀវ
245 _aThe observation on swine infectionus disease at batheay district, kampong cham provice; ការអង្កេតលើជំងឺឆ្លងដែលកើតមានឡើងចំពោះជ្រូកនៅស្រុកបាធាយ ខេត្តកំពង់ចាម
260 _aPHNOM PENH
_bBAK
_c2015
300 _aix;48p.
_bill.
_c29cm.
942 _2ddc
_cVEM
999 _c10872
_d10872